LEADER 01787nam a2200385 u 4500 001 000000001991 003 CaOOAMICUS 005 20070226104356.0 008 940514s1987 it u000 u ita u 020 $a8820915804 035 $a10049656 040 $aPUL(R)$bita 100 0 $aIohannes Paulus PP.$bII,$csanto,$d1920-2005.$0(OLS)http://pul/name/1830 245 14$aGli "Angelus" di Giovanni Paolo II verso il sinodo sul laicato. 260 $aCittà del Vaticano :$bLibreria editrice vaticana,$c1987. 300 $a51 p. ;$c21 cm 490 1 $aQuaderni de "L'Osservatore Romano" ;$v5 600 04$aIohannes Paulus PP.$bII,$cs.,$d1920-2005.$0(OLS)http://pul/subject/1393 610 24$aSynodus episcoporum$d(1987).$0(OLS)http://pul/subject/1873 830 0$aQuaderni de "L'Osservatore Romano" ;$v5.$0(OLS)http://pul/title/1262 850 $aPUL 852 $aPUL$W1$xSL Religione 1$y3$m62 L 32$j2638$nBK-PRI$b $qStampati$B2638$CPULBib$Z2$F2638 $H $81 900 $aWojtyla, Karol,$cs.,$d1920-2005$91830 900 $aGiovanni Paolo II,$cpapa, s.,$d1920-2005$91830 910 $aPapi (1978-2005 : Iohannes Paulus PP. II)$91830 910 $aPapi (1978-2005 : Iohannes Paulus PP. II)$91830 941 1 $a8 960 $aPapi (1978-2005 : Iohannes Paulus PP. II)$91393 960 $aPapi (1978-2005 : Iohannes Paulus PP. II)$91393 960 $aWojtyla, Karol,$d1920-2005$91393 960 $aGiovanni Paolo$bII,$cpapa, b.,$d1920-2005$91393 961 $aINV: 58652 996 $6020$a8820915804$9(OLS)http://pul/number/2639 996 $6245$aGli "Angelus" di Giovanni Paolo II verso il sinodo sul laicato$9(OLS)http://pul/title/2979 996 $6260$aCittà del Vaticano :$bLibreria editrice vaticana$9(OLS)http://pul/publisher/47920 LEADER 01293nam a2200277 u 4500 001 000000042614 003 CaOOAMICUS 005 20070226114339.0 008 990304m1908 gw u000 u lat u 035 $a10816252 040 $aPUL(R)$bita 130 0 $aCorpus iuris civilis.$0(OLS)http://pul/title/21481 245 10$aCorpus iuris civilis. 250 $aEditio stereotypa undecima. 260 $aBerolini :$bapud Weidmannos,$c1908- 300 $a3 v. ;$c28 cm 500 $aContiene indici. 505 0 $av. 1. Institutiones recognovit Paulus Krueger. Digesta recognovit Theodorus Mommsen. -- v. 2. Codex Iustinianus recognovit et retractavit Paulus Krueger. -- v. 3. Novellae recognovit Rudolfus Schoell: opus Schoelli morte interfectum absolvit Guilelmus Kroll. 700 1 $aKrüger, Paul,$d1840-1926.$0(OLS)http://pul/name/6126 700 1 $aSchöll, Rudolf,$d1844-1893.$0(OLS)http://pul/name/13975 700 1 $aMommsen, Theodor,$d1817-1903.$0(OLS)http://pul/name/4019 850 $aPUL 852 $aPUL$W1$xDP2 Diritto e Scienze Sociali 1$y65$m185 D 19$j57550$nBK-PRI$av. 1$qStampati$B57550$CPULBib$Z2$F57550 $82 941 1 $a8 996 $6245$aCorpus iuris civilis$9(OLS)http://pul/title/21481 996 $6260$aBerolini :$bapud Weidmannos$9(OLS)http://pul/publisher/48438